Participačné nástroje v rukách občanov a proces tvorby politiky

Občianska participácia a jej význam. Participačné nástroje v rukách občanov. Občania majú záujem o garanciu práva na účinné ovplyvňovanie politiky, ak môže bezprostredne ovplyvniť ich individuálne či skupinové záujmy. Táto garancia však vôbec neznamená, že občania skutočne využívajú svoje právo na o...

Ausführliche Beschreibung

Gespeichert in:
Bibliographische Detailangaben
1. Verfasser: Klimovský, Daniel
Format: Buchkapitel
Sprache:Slowakisch
Schlagworte:
Tags: Tag hinzufügen
Keine Tags, Fügen Sie das erste Tag hinzu!

MARC

LEADER 00000naa$a2200000$$$4500
001 0099534
005 20231107112311.6
041 0 |a slo 
044 |a SK 
245 1 0 |a Participačné nástroje v rukách občanov a proces tvorby politiky  |c Daniel Klimovský 
520 |a Občianska participácia a jej význam. Participačné nástroje v rukách občanov. Občania majú záujem o garanciu práva na účinné ovplyvňovanie politiky, ak môže bezprostredne ovplyvniť ich individuálne či skupinové záujmy. Táto garancia však vôbec neznamená, že občania skutočne využívajú svoje právo na ovplyvňovanie politiky. 
610 2 0 |a občania 
610 2 0 |a politika 
610 2 0 |a plánovanie 
100 1 |a Klimovský, Daniel